000 00267nam a2200109Ia 4500
008 220204s9999 xx 000 0 und d
082 _a82-3
_bSTI
100 _aStirling, Jessica
245 0 _aDark pasture
260 _aLondon
_bHodder and Stoughton
_c1977
942 _cBK
999 _c28013
_d28013